Carrière de joueur #1 - Statistiques

Statistiques générales
  • Ce quiz a été pris 276 fois
  • Le résultat moyen est 9 sur 15
Statistiques - réponses
Club Club Club Club Club Cub Club Joueur % Correct
Bordeaux (2018-2020) AS Monaco (2020-2022) Real Madrid (2022) Aurelien Tchouameni
91%
PSV Eindhoven (2011-2015) Manchester United (2015-2017) Olympique Lyonnais (2017-2021) Barcelone (2021-2022) Memphis Depay
83%
Real Madrid (2010-2014) Juventus (2014-2016) Real Madrid (2016-2017) Chelsea (2017-2019) Atlético Madrid (2019-2020) Juventus (2020-2022) Atlético Madrid (2022) Alvaro Morata
81%
Everton (2002-2004) Manchester United (2004-2017) Everton (2017-2018) D.C. United (2018-2020) Derby County (2020-2021) Wayne Rooney
76%
CA Osasuna (2007-2010) Olympique de Marseille (2010-2012) Chelsea (2012-2022) César Azpilicueta
75%
Lyon (2012-2022) Anthony Lopes
70%
São Paulo (2009-2010) SC Internacional (2010-2012) Chelsea (2012-2016) Shanghai Port (2016-2022) Flamengo (2022) Oscar
65%
AC Arles-Avignon (2011-2015) Nîmes Olympique (2015-2019) Montpellier (2019-2022) Téji Savanier
63%
River Plate (2011-2012) AS Monaco (2012-2015) Olympique de Marseille (2015-2019) Genoa (2016-2017 en prêt) AC Milan (2017 en prêt) Séville (2019-2022) Lucas Ocampos
60%
Karlsruher (2011-2013) Hambourg (2013-2014) Bayer Leverkusen (2014-2017) AC Milan (2017-2021) Inter Milan (2021-2022) Hakan Calhanoglu
50%
Southampton FC (2010-2011) Arsenal (2011-2017) Liverpool FC (2017-2022) Alex Oxlade Chamberlain
48%
Racing Club (2012-2014) Valence CF (2014-2016) Racing Club (2016 en prêt) Udinese Calcio (2016-2021) Atlético Madrid (2021-2022) Rodrigo de Paul
45%
Sparta Rotterdam (2014-2017) SC Heerenveen (2017-2018) PSV Eindhoven (2018-2021) Inter Milan (2021-2022) Denzel Dumfries
42%
San Lorenzo (2013-2014) Atlético Madrid (2014-2022) Ángel Correa
35%
Salîtes FC (2015-2017) Vitória SC (2018-2020) Bayer Leverkusen (2020-2022) Edmond Tapsoba
11%
Aucun quiz correspondant
Distribution des résultats
% des personnes avec chaque résultat
Percentile par nombre de réponses
Votre historique - résultats
Vous n’avez pas pris ce quiz